| 000 | nam a22 4500 | ||
|---|---|---|---|
| 999 |
_c233263 _d233263 |
||
| 003 | Nust | ||
| 005 | 20170306114437.0 | ||
| 008 | 170306b xxu||||| |||| 00| 0 eng d | ||
| 020 | _a9780141441498 | ||
| 040 | _cNust | ||
| 082 |
_a823.912 _bLAW |
||
| 100 | _a Lawrence, D. H | ||
| 245 |
_aLady Chatterley's Lover _bA Propos of Lady Chatterley's Lover _c Lawrence, D. H |
||
| 260 |
_aLondon _bDoris Lessing _c2006 |
||
| 300 | _axxxv, 363 p. | ||
| 650 |
_aMarried women _xFiction |
||
| 942 |
_2ddc _cBK |
||